First 100 Words of The Lion, The Witch and The Wardrobe - Statistics

General Stats
  • This quiz has been taken 76 times
  • The average score is 55 of 100
Answer Stats
Answer % Correct
a
96%
the
96%
an
95%
and
93%
war,
89%
they
84%
They
84%
were
82%
who
82%
there
80%
children
77%
in
77%
of
77%
Edmund
71%
four
71%
Lucy.
71%
Peter,
71%
when
71%
He
70%
he
70%
Susan,
70%
Once
68%
to
66%
country,
64%
(Their
61%
is
57%
house
55%
old
55%
lived
54%
London
54%
names
54%
whose
52%
because
50%
no
50%
that
48%
This
48%
but
46%
Professor,
46%
from
45%
sent
45%
with
45%
away
39%
had
39%
them
39%
about
30%
during
30%
story
30%
called
27%
Mrs
27%
three
27%
heart
25%
housekeeper
25%
Macready
23%
servants
23%
air
21%
two
21%
large
20%
raids.
20%
something
20%
very
20%
happened
18%
Betty,
16%
Ivy,
16%
Margaret
14%
station
14%
wife,
14%
post
13%
ten
13%
miles
11%
nearest
11%
office.
11%
railway
11%
No matching quizzes found
Score Distribution
Percent of People with Each Score
Percentile by Number Answered
Your Score History
You have not taken this quiz